Determinants and matrices / (Record no. 50456)
[ view plain ]
| 000 -LEADER | |
|---|---|
| fixed length control field | 00836nam a2200265 a 4500 |
| 001 - CONTROL NUMBER | |
| control field | 50456 |
| 003 - CONTROL NUMBER IDENTIFIER | |
| rucl marc code | BD-RJUL |
| 005 - DATE AND TIME OF LATEST TRANSACTION | |
| control field | 20211209075518.0 |
| 008 - FIXED-LENGTH DATA ELEMENTS--GENERAL INFORMATION | |
| fixed length control field | 160827s1956 stka 001 0 eng d |
| 035 ## - SYSTEM CONTROL NUMBER | |
| System control number | (BD-RjUL)50576 |
| 040 ## - CATALOGING SOURCE | |
| Original cataloging agency | FQG |
| Modifying agency | OCL |
| Language of cataloging | eng |
| Transcribing agency | BD-RjUL |
| 041 ## - LANGUAGE CODE | |
| Language code of text/sound track or separate title | eng |
| 082 ## - DEWEY DECIMAL CLASSIFICATION NUMBER | |
| Classification number | 512.83 |
| Author mark and year | AID 1962 |
| 100 1# - MAIN ENTRY--PERSONAL NAME | |
| Personal name | Aitken, A. C. |
| Fuller form of name | (Alexander Craig), |
| Dates associated with a name | 1895-1967 |
| 9 (RLIN) | 151174 |
| 245 10 - TITLE STATEMENT | |
| Title | Determinants and matrices / |
| Statement of responsibility, etc. | by A.C. Aitken. |
| 250 ## - EDITION STATEMENT | |
| Edition statement | 9th ed. |
| 260 ## - PUBLICATION, DISTRIBUTION, ETC. (IMPRINT) | |
| Place of publication, distribution, etc. | Edinburgh : |
| Name of publisher, distributor, etc. | Oliver & Boyd ; |
| Place of publication, distribution, etc. | New York : |
| Name of publisher, distributor, etc. | Interscience Publishers, |
| Date of publication, distribution, etc. | 1956 [printings 1958-62] |
| 300 ## - PHYSICAL DESCRIPTION | |
| Pagination | vii, 144 p : |
| Illustrations | ill. ; |
| Size | 19 cm. |
| 490 1# - SERIES STATEMENT | |
| Series statement | University mathematical texts |
| 500 ## - GENERAL NOTE | |
| General note | Includes index. |
| 650 #0 - SUBJECT ADDED ENTRY--TOPICAL TERM | |
| Topical term or geographic name as entry element | Determinants. |
| 9 (RLIN) | 151175 |
| Topical term or geographic name as entry element | Matrices. |
| 9 (RLIN) | 118267 |
| 830 #0 - SERIES ADDED ENTRY--UNIFORM TITLE | |
| Uniform title | University mathematical texts |
| 942 ## - ADDED ENTRY ELEMENTS (KOHA) | |
| Source of classification or shelving scheme | Dewey Decimal Classification |
| Koha item type | Books |
| Lost status | Source of classification or shelving scheme | Damaged status | Not for loan | Collection code | Permanent Location | Current Location | Shelving location | Date acquired | Source of acquisition | Cost, normal purchase price | Total Checkouts | Full call number | Date last seen | Copy number | Koha item type |
|---|---|---|---|---|---|---|---|---|---|---|---|---|---|---|---|
| Dewey Decimal Classification | Non-fiction | Central Library, University of Rajshahi | Central Library, University of Rajshahi | 30/10/1964 | Zeit | 13.60 | 512.83 AID 1962 | 27/08/2016 | C-2 | Books | |||||
| Dewey Decimal Classification | Non-fiction | Central Library, University of Rajshahi | Central Library, University of Rajshahi | 30/10/1964 | Zeit | 13.60 | 512.83 AID 1962 | 27/08/2016 | C-3 | Books | |||||
| Dewey Decimal Classification | Non-fiction | Central Library, University of Rajshahi | Central Library, University of Rajshahi | 30/10/1964 | Zeit | 13.60 | 512.83 AID 1962 | 27/08/2016 | C-4 | Books | |||||
| Dewey Decimal Classification | Non-fiction | Central Library, University of Rajshahi | Central Library, University of Rajshahi | 30/10/1964 | Zeit | 13.60 | 512.83 AID 1962 | 27/08/2016 | C-5 | Books | |||||
| Dewey Decimal Classification | Non-fiction | Central Library, University of Rajshahi | Central Library, University of Rajshahi | 30/10/1964 | Zeit | 13.60 | 512.83 AID 1962 | 27/08/2016 | C-6 | Books | |||||
| Dewey Decimal Classification | Non-fiction | Central Library, University of Rajshahi | Central Library, University of Rajshahi | 30/10/1964 | Zeit | 13.60 | 512.83 AID 1964 | 27/08/2016 | C-7 | Books | |||||
| Dewey Decimal Classification | Non-fiction | Central Library, University of Rajshahi | Central Library, University of Rajshahi | 30/10/1964 | Zeit | 13.60 | 512.83 AID 1964 | 27/08/2016 | C-8 | Books | |||||
| Dewey Decimal Classification | Non-fiction | Central Library, University of Rajshahi | Central Library, University of Rajshahi | 30/10/1964 | Zeit | 13.60 | 512.83 AID 1964 | 27/08/2016 | C-9 | Books | |||||
| Dewey Decimal Classification | Non-fiction | Central Library, University of Rajshahi | Central Library, University of Rajshahi | 30/10/1964 | Zeit | 13.60 | 512.83 AID 1964 | 27/08/2016 | C-10 | Books | |||||
| Dewey Decimal Classification | Not For Loan | Non-fiction | Central Library, University of Rajshahi | Central Library, University of Rajshahi | 25/01/1961 | Lahare, mirza book | 52.50 | 512.83 AID 1959 | 09/11/2016 | C-1 | Books |